Southville International School and Colleges
Your cart is empty.
  • Cart
  • Lists
    Public lists Eva Luna New books Lux_list list_1
    Your lists Log in to create your own lists
  • Log in to your account
  • Your cookies
  • Search history
Southville International School and Colleges
  • Advanced search
  • Recent comments
  • Most popular
  • Libraries

Log in to your account

Log in with GOOGLE


If you do not have an external account, but do have a local account, you can still log in:

  1. Home
  2. MARC view: The Puzzle of the unbalance mind/
Normal view MARC view ISBD view

The Puzzle of the unbalance mind/ (Record no. 362727)

[ view plain ]
MARC details
000 -LEADER
fixed length control field 00483nam a2200169Ia 4500
008 - FIXED-LENGTH DATA ELEMENTS--GENERAL INFORMATION
fixed length control field 191127s9999 xx 000 0 und d
100 ## - MAIN ENTRY--PERSONAL NAME
Personal name Nesse, Randolph M.
245 #4 - TITLE STATEMENT
Title The Puzzle of the unbalance mind/
245 ## - TITLE STATEMENT
Statement of responsibility, etc Randolph M. Nesse
260 ## - PUBLICATION, DISTRIBUTION, ETC. (IMPRINT)
Name of publisher, distributor, etc Sussex Publisher
260 ## - PUBLICATION, DISTRIBUTION, ETC. (IMPRINT)
Date of publication, distribution, etc 2019
300 ## - PHYSICAL DESCRIPTION
Extent Pages 74-82, March/April 2019
440 ## - SERIES STATEMENT/ADDED ENTRY--TITLE
Title Psychology Today: Silence your inner critic
Volume number/sequential designation 52: 2
650 ## - SUBJECT ADDED ENTRY--TOPICAL TERM
Topical term or geographic name as entry element Mental capacity
650 ## - SUBJECT ADDED ENTRY--TOPICAL TERM
Topical term or geographic name as entry element mind
650 ## - SUBJECT ADDED ENTRY--TOPICAL TERM
Topical term or geographic name as entry element natural selection
Holdings
Withdrawn status Lost status Damaged status Home library Current library Date acquired Total Checkouts Date last seen Price effective from Koha item type
      Luxembourg Library Luxembourg Library 11/27/2019   11/27/2019 11/27/2019 Periodicals

The Puzzle of the unbalance mind/

APA

Nesse R. M., .The Puzzle of the unbalance mind. : Sussex Publisher.

Chicago

Nesse Randolph M, .The Puzzle of the unbalance mind. : Sussex Publisher.

Harvard

Nesse R. M., .The Puzzle of the unbalance mind. : Sussex Publisher.

MLA

Nesse Randolph M, .: Sussex Publisher. .

  • Place hold
  • Print
  • Cite
  • Add to your cart (remove)
  • Save record
    BIBTEX Dublin Core MARCXML MARC (non-Unicode/MARC-8) MARC (Unicode/UTF-8) MARC (Unicode/UTF-8, Standard) MODS (XML) RIS
  • More searches
    Search for this title in:
    Other Libraries (WorldCat) Other Databases (Google Scholar) Online Stores (Bookfinder.com) Open Library (openlibrary.org)

Exporting to Dublin Core...

SOUTHVILLE LIBRARY

Southville International School and Colleges Library

1281 Tropical Ave. Cor. Luxembourg St., BF Homes International, Las Pinas City

Tel. No. 8256374 / 252358 Loc. 117/146

Powered by Koha